| 000 | 00514nam a22001817a 4500 | ||
|---|---|---|---|
| 003 | 0 | ||
| 005 | 20231129070932.0 | ||
| 008 | 231104b xxu||||| |||| 00| 0 eng d | ||
| 020 | _a978-9-81095-150-4 | ||
| 050 |
_aTR _bFri912 2014 |
||
| 082 |
_aTR _bFri912 2014 |
||
| 100 | _aInnes, Shona | ||
| 245 |
_aFriendship is like a seesaw _c Shona Innes |
||
| 260 |
_aSingapore _bScholastic Inc. _cc2014. |
||
| 300 |
_a29 pages : _bcolored illustrations ; _c23 cm. |
||
| 650 | _aChildren's stories. | ||
| 942 |
_2lcc _cER |
||
| 999 |
_c365552 _d365552 |
||